00927nam a2200241 a 450000500170000000800400001704000250005704100080008209000130009010000360010324501370013926000700027630000150034665000090036165000160037065000200038665000250040665000150043166200340044694200130048099900150049395201770050820180803165410.0160829b2008 ck|||||rm||| 00| 0 spa d aCO-BoIAVHcCO-BoIAVH aspa aTEb01881 aDelgado Maldonado, Henry José10aInfluencia de los componente y usos actuales del paisaje sobre la comunidad de aves rapaces en varios puntos del VAlle del Magdalena aBogotábUniversidad Distrital Francissco José de Caldasc2008 a98 Paginas14aAves14aUbicación14aPrecipitación14aEspecies migratorias14aEcología aColombiacValle del Magdalena cTESIS2z c6722d6722 00102z40708TESISIINV2017aBogotabBogotad2008-12-12l0oTE-0188p026630r2012-12-04 00:00:00tEj.1w2012-12-04xDonacionyTESISzDisponible solo para consulta en sala